LEADER 02728nam 22005415 450 001 996552371503316 005 20231201011428.0 010 $a3-8394-6875-2 024 7 $a10.1515/9783839468753 035 $a(CKB)28227944100041 035 $a(DE-B1597)659806 035 $a(DE-B1597)9783839468753 035 $a(EXLCZ)9928227944100041 100 $a20231201h20232023 fg 101 0 $ager 135 $aur||||||||||| 181 $ctxt$2rdacontent 182 $cc$2rdamedia 183 $acr$2rdacarrier 200 10$aKuratierte Öffentlichkeit $eEine postkoloniale Ethnografie journalistischer Praxis in Jordanien /$fJohanna Montanari 210 1$aBielefeld : $ctranscript Verlag, $d[2023] 210 4$d©2023 215 $a1 online resource (268 p.) 225 0 $aKultur und soziale Praxis 311 $a9783837668759 327 $tFrontmatter -- $tInhalt -- $tVorwort -- $tDanksagung -- $t1. Einleitung: Postkoloniale Öffentlichkeit -- $t2. Journalistische Praxis im Globalen Süden erforschen -- $t3. Bedingungen sehen -- $t4. Kuratieren zwischen Rand und Zentrum -- $t5. Die Macht der Versprechen -- $t6. Öffentlichkeit als erweiterter Regierungsraum -- $tBibliografie -- $tAnhang 330 $aÖffentlichkeit ist der zentrale Begriff in Diskussionen über Demokratie und politische Partizipation. Johanna Montanari erweitert den Öffentlichkeitsbegriff postkolonial, indem sie den globalen Süden nicht als defizitären Raum »nachholender Modernisierung« beschreibt, sondern die Anstrengungen um die Herstellung von Öffentlichkeit unter eingeschränkt demokratischen Bedingungen ernst nimmt. Anhand der journalistischen Praxis einer englischsprachigen Tageszeitung in Jordanien zeigt sie, dass Öffentlichkeit immer kuratiert wird und sich universal verstandene Versprechen der Moderne lokal aneignet. Ihre Ergebnisse fordern zur Reflexion der Auslassungen westlicher Diskurse auf. 606 $aSOCIAL SCIENCE / Anthropology / Cultural & Social$2bisacsh 610 $aAnalogue Media. 610 $aCurating. 610 $aDemocracy. 610 $aEthnology. 610 $aGlobal South. 610 $aJordan. 610 $aMedia. 610 $aPostcolonialism. 610 $aPublic Sphere. 610 $aSociety. 610 $aSociology of Media. 615 7$aSOCIAL SCIENCE / Anthropology / Cultural & Social. 700 $aMontanari$b Johanna, $4aut$4http://id.loc.gov/vocabulary/relators/aut$01453608 712 02$aHumboldt-Universität zu Berlin$4fnd$4http://id.loc.gov/vocabulary/relators/fnd 801 0$bDE-B1597 801 1$bDE-B1597 906 $aBOOK 912 $a996552371503316 996 $aKuratierte Öffentlichkeit$93656396 997 $aUNISA